000 00473nmm a2200169Ia 4500
008 251105s9999||||xx |||||||||||||||||und||
020 _a8470303759
041 _aspa
100 _aEysenck, H. J.
245 0 _aUsos y abusos de la psicología
264 _a[Madrid, España] :
_bBiblioteca Nueva,
_c1996
300 _a376 páginas
490 _aPsicología Universidad
650 _aPsychology
856 _uhttps://public.digitaliapublishing.com/a/4326
942 _cCF
999 _c73061
_d73061